000 02039nam0a2200433 4500
001 RU\NLR\bibl\1010938
005 20250614231154.0
010 _a5-85152-526-6
_9500
021 _aRU
_b2006-63126
_93146
035 _a(nilc)RSL-KNO-002955780
035 _a(NLR Aleph) 000998569
090 _a564037
_c564037
100 _a20061010d2006 |||y0rusy50 ca
101 0 _arus
102 _aRU
105 _aa |||||||||
106 _ar
200 1 _aИнвестиции в настоящее: власть и бизнес в режиме диалога
_fО. А. Ясиновская, В. Н. Нефедов
210 _aНижний Новгород
_cИзд-во Волго-Вятской акад. гос. службы
_d2006
_eН.Новгород
_gИзд-во Волго-Вят. акад. гос. службы
215 _a219 с.
_cил., цв. портр.
_d20
320 _aБиблиогр.: с. 218
606 1 _aИнвестиции капитала
_yНижегородская область
_92174838
_3RU\NLR\auth\661308049
606 1 _aПредпринимательство
_yНижегородская область
_92132064
_3RU\NLR\auth\661286138
610 0 _aСоциология -- Социальные институты -- Политические институты -- Государство, власть, политика
610 0 _aЭкономика -- Российская Федерация -- Нижегородская область -- Инвестиции
686 _aС556.511,0
_2rubbk
686 _aУ9(2Р-4Ниж)0-56,0
_2rubbk
686 _aУ9(2)-56(2Р-4Ни)
686 _aУ9(2)-13(2Р-4Ни)
700 1 _aЯсиновская
_bО. А.
_gОльга Анатольевна
_4070
701 1 _aНефедов
_bВ. Н.
_gВиктор Николаевич
_4070
801 0 _aRU
_bРКП
_c20061010
_grcr
801 1 _aRU
_bРГБ
_c20061010
801 2 _aRU
_bNLR
_c20061120
_grcr
830 _aавт. по кн.
942 _cBOOK
980 _aNB
980 _aNBR